|
|
|
|
| LEADER |
00000nkm a2200000 a 4500 |
| 001 |
vtls001400126 |
| 003 |
SK-MaSNL |
| 005 |
20260301201924.0 |
| 008 |
231206s1979 xo 0k slo |
| 035 |
|
|
|a SNK000354604
|
| 040 |
|
|
|a SNK
|b slo
|c SNK
|e AACR2
|
| 041 |
0 |
|
|a slo
|
| 044 |
|
|
|a xo
|c SK
|
| 080 |
|
|
|a 908.437.656(085.121)
|2 1981
|
| 245 |
1 |
|
|a Čs. štátne kúpele Sliač
|h grafika
|b liečebný dom Palace
|c foto Hugo Jelínek
|
| 260 |
|
|
|a Bratislava
|b VPL
|c 1979
|
| 300 |
|
|
|a 1 pohľadnica
|c 11x15 cm
|
| 500 |
|
|
|a Súbež. text rus. a nem.
|
| 610 |
|
7 |
|a Kúpele Sliač (Slovensko)
|2 SNK
|9 174835
|
| 651 |
|
7 |
|a 611
|2 SNK
|9 291000
|
| 655 |
|
7 |
|a geografické pohľadnice
|2 SNK
|9 70522
|
| 700 |
1 |
|
|a Jelínek, Hugo
|4 pht
|9 61178
|
| 958 |
|
|
|a GC
|
| 958 |
|
|
|a GBN
|
| 958 |
|
|
|a TL
|
| 958 |
|
|
|a OND
|
| 999 |
|
|
|c 896830
|d 898760
|
| 952 |
|
|
|t P60, <03>, [BOOK], {603}
|a SNK
|b SNK
|y PREZ
|7 0
|o snkSP 150269
|i snkPV 1773/2000
|0 0
|1 0
|4 0
|d 2000-11-10
|l 0
|r 2005-01-02 00:00:00
|w 2026-02-24
|